[Event "BAN-ch (Women) 38th"]
[Site "Dhaka"]
[Date "2018.08.10"]
[Round "3"]
[White "Warsia, Khusbu"]
[Black "Sadia, Afrin Samia"]
[Result "0-1"]
[WhiteElo "1060"]
[BlackElo "1394"]
[PlyCount "124"]
[EventDate "2018.08.08"]
[EventType "swiss"]
[EventRounds "9"]
[EventCountry "BAN"]
[SourceTitle "EXT 2019"]
[Source "ChessBase"]
[SourceDate "2018.10.10"]
[SourceVersion "1"]
[SourceVersionDate "2018.10.10"]
[SourceQuality "1"]

1. e4 e5 2. Nf3 Nc6 3. Bc4 Bc5 4. 0-0 d6 5. d3 Bg4 6. Nc3 Nd4 7. Kh1 Bxf3 8. gxf3 Qf6 9. Nd5 Qd8 10. c3 Ne6 11. Be3 c6 12. Nb4 Bxe3 13. fxe3 Nc7 14. Qb3 Qe7 15. Nc2 b5 16. Bxb5 Nxb5 17. c4 Nc7 18. Qb7 Qd7 19. Nb4 Ne7 20. Na6 Rc8 21. Qxa7 Nxa6 22. Qxa6 0-0 23. Qa5 f5 24. Qe1 f4 25. exf4 Rxf4 26. Qg3 Rcf8 27. Rg1 Ng6 28. Raf1 Nh4 29. Rf2 Rxf3 30. Rxf3 Nxf3 31. Rf1 Nd4 32. Rxf8+ Kxf8 33. Qf2+ Qf7 34. Qxf7+ Kxf7 35. Kg2 g5 36. Kg3 h5 37. Kf2 Nc2 38. Ke2 Nd4+ 39. Kf2 g4 40. h3 gxh3 41. Kg3 Ne2+ 42. Kxh3 Nf4+ 43. Kh4 Nxd3 44. b3 Kg6 45. a4 Nc5 46. b4 Nxa4 47. b5 c5 48. Kh3 Kg5 49. Kg3 Nb6 50. Kh3 Nxc4 51. Kg3 Nb6 52. Kh3 c4 53. Kg3 c3 54. Kf2 c2 55. Ke2 c1Q 56. Kd3 Nc4 57. Ke2 Qe3+ 58. Kf1 Nd2+ 59. Kg2 Qf3+ 60. Kg1 Qe2 61. b6 Nf3+ 62. Kh1 Qh2# 0-1

[Event "BAN-ch U20 Girls"]
[Site "Dhaka"]
[Date "2018.05.12"]
[Round "8"]
[White "Marufa Azad, Sukanna"]
[Black "Sadia, Afrin Samia"]
[Result "0-1"]
[WhiteElo "1302"]
[BlackElo "1401"]
[PlyCount "74"]
[EventDate "2018.05.05"]
[EventType "swiss"]
[EventRounds "8"]
[EventCountry "BAN"]
[SourceTitle "CBM 184 Extra"]
[Source "ChessBase"]
[SourceDate "2018.06.28"]
[SourceVersion "1"]
[SourceVersionDate "2018.06.28"]
[SourceQuality "1"]

1. e4 e5 2. Bc4 Bc5 3. Bxf7+ Kxf7 4. d4 Bxd4 5. Nf3 Nf6 6. Nxd4 exd4 7. Qxd4 Re8 8. Nc3 Nc6 9. Qe3 d5 10. Qf4 d4 11. Ne2 Rxe4 12. Qf3 Bg4 13. Qb3+ Be6 14. Qxb7 Bc4 15. 0-0 Bxe2 16. Qb3+ Kf8 17. Re1 Bc4 18. Qa3+ Kg8 19. Rxe4 Nxe4 20. f3 Qh4 21. g3 Nxg3 22. Bd2 Ne2+ 23. Kg2 Nf4+ 24. Bxf4 Qxf4 25. Qa4 Ne5 26. Rf1 Bxf1+ 27. Kxf1 Qxf3+ 28. Ke1 Qe3+ 29. Kd1 Qg1+ 30. Ke2 Qxh2+ 31. Kd1 Rf8 32. Qb3+ Kh8 33. Qb5 Qg1+ 34. Kd2 Rf2+ 35. Qe2 Rxe2+ 36. Kxe2 Qe3+ 37. Kd1 Qf3+ 0-1

[Event "BAN-ch U20 Girls"]
[Site "Dhaka"]
[Date "2018.05.11"]
[Round "7"]
[White "Sadia, Afrin Samia"]
[Black "Kazi Zarin, Tasnim"]
[Result "0-1"]
[WhiteElo "1401"]
[BlackElo "1507"]
[PlyCount "134"]
[EventDate "2018.05.05"]
[EventType "swiss"]
[EventRounds "8"]
[EventCountry "BAN"]
[SourceTitle "CBM 184 Extra"]
[Source "ChessBase"]
[SourceDate "2018.06.28"]
[SourceVersion "1"]
[SourceVersionDate "2018.06.28"]
[SourceQuality "1"]

1. e4 e5 2. Nf3 Nc6 3. Bb5 a6 4. Ba4 Nf6 5. d3 b5 6. Bb3 Bc5 7. Bg5 h6 8. Bh4 d6 9. 0-0 0-0 10. Nc3 g5 11. Bg3 Nh5 12. Nxe5 Nxe5 13. Bxe5 Nf6 14. Bxf6 Qxf6 15. Nd5 Qd8 16. d4 Ba7 17. Qf3 Kg7 18. Ne3 Bxd4 19. c3 Be5 20. Nf5+ Bxf5 21. Qxf5 Qc8 22. Qxc8 Raxc8 23. g3 c5 24. f4 gxf4 25. gxf4 Bf6 26. Bd5 Rc7 27. Rf2 Kh8 28. Kh1 c4 29. Re1 Bh4 30. Rfe2 Bxe1 31. Rxe1 Rc5 32. Rd1 a5 33. f5 Kg7 34. Rg1+ Kf6 35. Rg3 b4 36. Rh3 Rh8 37. Kg1 Rh7 38. Kf2 Rh8 39. Ke3 b3 40. a3 a4 41. Kd4 h5 42. Bxc4 Ra5 43. Bd5 Rc5 44. e5+ Ke7 45. f6+ Kd7 46. exd6 Kxd6 47. Bxf7 Rf5 48. Ke4 Rxf6 49. Bxh5 Re6+ 50. Kf4 Rf6+ 51. Kg5 Rf2 52. Rd3+ Kc5 53. Rd4 Rxh2 54. Bf7 Ra8 55. Rc4+ Kb6 56. Rb4+ Kc5 57. Rc4+ Kd6 58. Rd4+ Ke7 59. Bc4 Rxb2 60. Re4+ Kd6 61. Re2 Rxe2 62. Bxe2 b2 63. Bd3 Rg8+ 64. Kf4 Rg1 65. Ke4 Kc5 66. Ke3 b1Q 67. Bxb1 Rxb1 0-1

[Event "BAN-ch U16 Girls 37th"]
[Site "Dhaka"]
[Date "2018.04.29"]
[Round "2"]
[White "Sadia, Afrin Samia"]
[Black "Marufa Azad, Sukanna"]
[Result "1/2-1/2"]
[WhiteElo "1401"]
[BlackElo "1302"]
[PlyCount "50"]
[EventDate "2018.04.28"]
[EventType "swiss"]
[EventRounds "7"]
[EventCountry "BAN"]
[SourceTitle "EXT 2024"]
[Source "ChessBase"]
[SourceDate "2023.10.10"]
[SourceVersion "1"]
[SourceVersionDate "2023.10.10"]
[SourceQuality "1"]

1. e4 e5 2. Nf3 Nc6 3. Bb5 a6 4. Bxc6 dxc6 5. h3 Bd6 6. 0-0 Nf6 7. d4 Be7 8. Nxe5 Nxe4 9. Re1 Nf6 10. Bg5 0-0 11. c3 h6 12. Bh4 Re8 13. Qb3 Rf8 14. Ng6 Re8 15. Nd2 Bf5 16. Nxe7+ Rxe7 17. Rxe7 Qxe7 18. Qxb7 Re8 19. Qxc6 Qe2 20. Bxf6 gxf6 21. Nf3 Re6 22. Re1 Qxe1+ 23. Nxe1 Rxc6 24. g4 Bb1 25. a3 Rb6 1/2-1/2

[Event "Dhaka Shamsher Ali Cup 3rd"]
[Site "Dhaka"]
[Date "2018.03.06"]
[Round "5"]
[White "Sadia, Afrin Samia"]
[Black "Noshin, Anjum"]
[Result "0-1"]
[WhiteElo "1386"]
[BlackElo "1782"]
[PlyCount "150"]
[EventDate "2018.03.02"]
[EventType "swiss"]
[EventRounds "7"]
[EventCountry "BAN"]
[SourceTitle "EXT 2019"]
[Source "ChessBase"]
[SourceDate "2018.10.10"]
[SourceVersion "1"]
[SourceVersionDate "2018.10.10"]
[SourceQuality "1"]

1. e4 e5 2. Nf3 Nc6 3. Bb5 a6 4. Bxc6 dxc6 5. h3 Bd6 6. 0-0 Ne7 7. d4 exd4 8. Qxd4 f6 9. Rd1 Be6 10. Nc3 0-0 11. Ne2 Ng6 12. Be3 Qe7 13. Qc3 Bb4 14. Qd3 Rad8 15. Bd4 c5 16. c3 Ba5 17. b4 cxb4 18. cxb4 Bxb4 19. Qc2 Bd6 20. Qb2 b6 21. a4 Bc4 22. Nc3 Ne5 23. Nh4 g6 24. Nd5 Bxd5 25. exd5 Qf7 26. Rac1 Nd7 27. Be3 Bc5 28. Bf4 Ne5 29. Qb3 Kh8 30. Rc2 Rfe8 31. Rcd2 c6 32. Nf3 Nxf3+ 33. Qxf3 cxd5 34. Rxd5 Rxd5 35. Rxd5 Qe6 36. g4 Qe1+ 37. Kg2 Qe4 38. Qxe4 Rxe4 39. Rd8+ Kg7 40. Rd7+ Kg8 41. Bh6 Rxa4 42. Rd8+ Kf7 43. Rd7+ Be7 44. g5 f5 45. Bg7 Ke6 46. Rb7 b5 47. Rb6+ Kd5 48. Rb7 Bxg5 49. Bf8 Ra2 50. Rd7+ Kc4 51. Rxh7 Be3 52. Rc7+ Kb3 53. Rd7 Rxf2+ 54. Kg3 Rd2 55. Re7 Bc5 56. Rf7 Bxf8 57. Rxf8 a5 58. Rf6 Rd1 59. Kg2 a4 60. Rxg6 a3 61. Rb6 a2 62. Rxb5+ Kc4 63. Ra5 a1Q 64. Rxa1 Rxa1 65. Kg3 Rg1+ 66. Kf4 Rh1 67. Kxf5 Rxh3 68. Kg4 Re3 69. Kf4 Kd4 70. Kg4 Ke4 71. Kg5 Rf3 72. Kg4 Rf4+ 73. Kg5 Ke5 74. Kh5 Kf6 75. Kh6 Rh4# 0-1

[Event "Dhaka Laila Alam op 9th"]
[Site "Dhaka"]
[Date "2018.02.05"]
[Round "5"]
[White "Sadia, Afrin Samia"]
[Black "Kiswara, Shajrin Evana"]
[Result "1/2-1/2"]
[WhiteElo "1318"]
[BlackElo "1645"]
[PlyCount "74"]
[EventDate "2018.02.01"]
[EventType "swiss"]
[EventRounds "7"]
[EventCountry "BAN"]
[SourceTitle "CBM 182 Extra"]
[Source "ChessBase"]
[SourceDate "2018.02.23"]
[SourceVersion "1"]
[SourceVersionDate "2018.02.23"]
[SourceQuality "1"]

1. e4 c5 2. Nf3 e6 3. c3 d6 4. d4 cxd4 5. cxd4 Nf6 6. Nc3 a6 7. Bg5 Be7 8. Bd3 Nbd7 9. 0-0 b5 10. e5 dxe5 11. dxe5 Ng4 12. Bxe7 Qxe7 13. Re1 Bb7 14. h3 Nh6 15. Be4 Nc5 16. Bxb7 Nxb7 17. Qb3 0-0 18. Rad1 Rfd8 19. Ne4 g6 20. Nf6+ Kg7 21. Ng5 Nf5 22. Ngxh7 Nc5 23. Qb4 Nd3 24. Qxe7 Nxe7 25. Re2 Nf4 26. Red2 Rxd2 27. Rxd2 Nfd5 28. g3 Rh8 29. Nxd5 Nxd5 30. Ng5 Rc8 31. Ne4 Rc1+ 32. Kg2 Rf1 33. f3 Rc1 34. Nd6 Ne3+ 35. Kf2 Nc4 36. Nxc4 Rxc4 37. Ke3 Rc5 1/2-1/2

[Event "BAN-ch (Women) 37th"]
[Site "Dhaka"]
[Date "2017.08.24"]
[Round "5"]
[White "Sadia, Afrin Samia"]
[Black "Jannatul Ferdous, Ratri Lamia"]
[Result "1-0"]
[WhiteElo "1356"]
[BlackElo "1058"]
[PlyCount "95"]
[EventDate "2017.08.20"]
[EventType "swiss"]
[EventRounds "9"]
[EventCountry "BAN"]
[SourceTitle "CBM 180 Extra"]
[Source "ChessBase"]
[SourceDate "2017.10.06"]
[SourceVersion "1"]
[SourceVersionDate "2017.10.06"]
[SourceQuality "1"]

1. d4 d5 2. Bf4 Nc6 3. c3 Bf5 4. Nd2 Nf6 5. e3 e6 6. Ngf3 Be7 7. Bb5 a6 8. Bxc6+ bxc6 9. Qa4 0-0 10. 0-0 Bd6 11. Bxd6 Qxd6 12. Rfe1 c5 13. dxc5 Qxc5 14. Nd4 Rfe8 15. Rac1 Be4 16. b4 Qd6 17. h3 h6 18. a3 c5 19. N4b3 cxb4 20. cxb4 Re7 21. Nxe4 dxe4 22. Red1 Qb6 23. Rc6 Qb7 24. Na5 Qb5 25. Qb3 Rae8 26. Kh1 Rd7 27. Rdc1 Nd5 28. R1c5 Qd3 29. Rc1 Qxb3 30. Nxb3 Ra7 31. Rc8 Rxc8 32. Rxc8+ Kh7 33. Nd2 Nb6 34. Rc6 Rb7 35. Nb3 f5 36. Nc5 Rb8 37. Nxa6 Na4 38. Nxb8 Nb2 39. b5 Nd3 40. b6 Nxf2+ 41. Kg1 Nd1 42. b7 Nxe3 43. Nd7 Nd5 44. b8Q e3 45. Nf8+ Kh8 46. Rxe6 h5 47. Ng6+ Kh7 48. Qh8# 1-0

[Event "BAN-ch (Women) 37th"]
[Site "Dhaka"]
[Date "2017.08.21"]
[Round "2"]
[White "Sadia, Afrin Samia"]
[Black "Talukder, Umme Taslima Protiv"]
[Result "0-1"]
[WhiteElo "1356"]
[BlackElo "1733"]
[PlyCount "144"]
[EventDate "2017.08.20"]
[EventType "swiss"]
[EventRounds "9"]
[EventCountry "BAN"]
[SourceTitle "CBM 180 Extra"]
[Source "ChessBase"]
[SourceDate "2017.10.06"]
[SourceVersion "1"]
[SourceVersionDate "2017.10.06"]
[SourceQuality "1"]

1. e4 c5 2. Bc4 e6 3. Nc3 Nc6 4. a3 a6 5. d3 Nf6 6. Bg5 Be7 7. Nf3 h6 8. Bh4 b5 9. Ba2 0-0 10. e5 Ne8 11. Bxe7 Qxe7 12. Ne2 d6 13. exd6 Nxd6 14. Ng3 Bb7 15. 0-0 Nd4 16. Nxd4 cxd4 17. Qg4 Qf6 18. f3 Nf5 19. Nh5 Qg5 20. Qxg5 hxg5 21. c3 Rac8 22. cxd4 Nxd4 23. Ng3 Rc2 24. Rab1 Rfc8 25. Ne4 Bxe4 26. dxe4 Ne2+ 27. Kh1 Nf4 28. g3 Nd3 29. Bb3 Rxb2 30. Rxb2 Nxb2 31. f4 gxf4 32. gxf4 Rc3 33. Ba2 Rxa3 34. Bb1 Nc4 35. e5 Nd2 36. Rc1 Nxb1 37. Rxb1 Rf3 38. Rb4 Ra3 39. Kg2 Ra4 40. Rb2 Rxf4 41. Kg3 Re4 42. Ra2 Rxe5 43. Rxa6 g5 44. h4 gxh4+ 45. Kxh4 Kg7 46. Ra1 Kf6 47. Rf1+ Rf5 48. Rb1 Ke7 49. Rc1 Kd6 50. Rd1+ Kc5 51. Rc1+ Kb6 52. Rd1 b4 53. Rd4 Kb5 54. Kg4 b3 55. Rd2 Kb4 56. Kg3 Kc3 57. Rd1 b2 58. Re1 Kc2 59. Re2+ Kb1 60. Kg2 Ka1 61. Re1+ b1Q 62. Rxb1+ Kxb1 63. Kg3 e5 64. Kg4 Rf4+ 65. Kg3 Rf6 66. Kg4 e4 67. Kg5 Rf1 68. Kg4 e3 69. Kg3 e2 70. Kg4 e1Q 71. Kg5 Qg3+ 72. Kh5 Rh1# 0-1